Getting To Grips With Origin . ( World Customs Forum 2008) (Record no. 4548)

000 -LEADER
fixed length control field nam a22 a 4500
005 - DATE AND TIME OF LATEST TRANSACTION
control field 20170531113201.0
008 - FIXED-LENGTH DATA ELEMENTS--GENERAL INFORMATION
fixed length control field 170531s2008 be ||||| |||| 00| 0 eng d
040 ## - CATALOGING SOURCE
Original cataloging agency AKMAL
082 ## - DEWEY DECIMAL CLASSIFICATION NUMBER
Classification number 382.91 WOR
090 ## - LOCALLY ASSIGNED LC-TYPE CALL NUMBER (OCLC); LOCAL CALL NUMBER (RLIN)
Classification number (OCLC) (R) ; Classification number, CALL (RLIN) (NR) 382.91
Local cutter number (OCLC) ; Book number/undivided call number, CALL (RLIN) WOR
245 10 - TITLE STATEMENT
Title Getting To Grips With Origin . ( World Customs Forum 2008)
260 ## - PUBLICATION, DISTRIBUTION, ETC.
Place of publication, distribution, etc. Brussels, Belgium :
Name of publisher, distributor, etc. World Customs Organization,
Date of publication, distribution, etc. 2008.
300 ## - PHYSICAL DESCRIPTION
Extent various paging (loose-leaf) ;
Dimensions 21cm x 30cm
500 ## - GENERAL NOTE
General note Extracts from World Customs Forum 2008, Conference On Rules Of Origin Around The World, 16-17 July 2008.
650 10 - SUBJECT ADDED ENTRY--TOPICAL TERM
Topical term or geographic name entry element Customs Administration
General subdivision Law and legislation
9 (RLIN) 6000
710 2# - ADDED ENTRY--CORPORATE NAME
Corporate name or jurisdiction name as entry element World Customs Organization
9 (RLIN) 5917
942 ## - ADDED ENTRY ELEMENTS (KOHA)
Source of classification or shelving scheme
Koha item type Book
950 ## - LOCAL HOLDINGS (RLIN)
Permanent shelving location, LOC (RLIN) AKMAL
Holdings
Withdrawn status Lost status Source of classification or shelving scheme Damaged status Not for loan Collection code Home library Current library Shelving location Date acquired Inventory number Total Checkouts Full call number Barcode Date last seen Price effective from Koha item type
          NON-FICTION AKMAL Melaka AKMAL Melaka PINJAMAN 31.05.2017 002598   382.91 WOR 201707214 31.05.2017 31.05.2017 Book
          NON-FICTION AKMAL Melaka AKMAL Melaka PINJAMAN 31.05.2017 002599   382.91 WOR 201707215 31.05.2017 31.05.2017 Book
Pusat Sumber Maklumat Dato' Haji Sarmin Md Hussin, Akademi Kastam Diraja Malaysia, Melaka
Tel: 06-2331106 | Faks: 06-2313787